| 000 | 01241nam a2200325Ic 4500 | ||
|---|---|---|---|
| 001 | 58061 | ||
| 003 | CO-BoRNBP | ||
| 005 | 20250814222045.0 | ||
| 007 | ta | ||
| 008 | 180815s2015 ag a g 000 0 spa | ||
| 020 | _a9789500393805 | ||
| 040 |
_aCO-BoRNBP _bspa _erda _cCO-BoRNBP |
||
| 041 | _aspa | ||
| 082 | 0 | 4 |
_a410 _bS18c |
| 100 |
_aSaussure, Ferdinand de, _d1857-1913 _eaut _962353 |
||
| 245 | 1 | 0 |
_aCurso de lingüística general / Ferdinand de Saussure / _ctraducción, prólogo y notas de Amado Alonso ; publicado por Charles Bally y Albert Sechéhaye ; con la colaboración de Albert Riedlinger. |
| 250 | _a1a. edición | ||
| 264 | 1 |
_aBuenos Aires, Argentina : _bLosada, _c2015 |
|
| 300 |
_a424 páginas : _bilustraciones en blanco y negro |
||
| 336 |
_atexto _btxt _2rdacontent |
||
| 337 |
_asin mediación _bn _2rdamedia |
||
| 338 |
_avolumen _bnc _2rdacarrier |
||
| 490 | 0 | _aBiblioteca de obras maestras del pensamiento : huellas culturales | |
| 500 | _aIncluye índice de temas y de nombres propios | ||
| 521 | _aRecomendado para público adulto | ||
| 650 | 0 | 7 |
_aFilología comparada _2lemb _962354 |
| 650 | 0 | 7 |
_aLingüística _xenseñanza _2LEMB _962355 |
| 650 | 0 | 7 |
_aLingüística _xhistoria _2LEMB _962356 |
| 942 |
_2ddc _cBK |
||
| 999 |
_c58061 _d58061 |
||